000 00995nam a2200301 i 4500
001 bg
245 0 0 _aRegulacja mikroklimatu pomieszczenia /
_cZdzisław Kabza [et al.].
260 _aWarszawa :
_bAgenda Wydawnicza PAK-u,
_c2005.
300 _a351 s. :
_bil. ;
_c24 cm.
504 _aBibliogr. przy rozdz.
650 9 _aBudownictwo
_xmikroklimat
_xpomiary
650 9 _aKlimatyzacja
650 9 _aTemperatura powietrza
_xpomiary
650 9 _aTemperatura powietrza
_xregulacja
650 9 _aWentylacja
650 9 _aWilgotność powietrza
_xpomiary
650 9 _aWilgotność powietrza
_xregulacja
655 _aPodręczniki
700 1 _aKABZA, Zdzisław
020 _a8387982660
040 _cBPK
041 0 _apol
080 _a697:536.6:628.8:681.5](07)
920 _a83-87982-66-0
942 _cKS
008 s pl f |000 0 pol
999 _c46851
_d46851
856 _uhttp://koha.tu.koszalin.pl/cgi-bin/koha/opac-detail.pl?biblionumber=46851
_yKatalog online BPK